| 000 | 01372nam0a22003011 4500 | ||
|---|---|---|---|
| 001 | rc\4385935 | ||
| 005 | 20130416144702.7 | ||
| 021 |
_aRU _b[67-70499] |
||
| 035 | _a(NLR Aleph) 008550682 | ||
| 090 |
_a8404338 _c8404338 |
||
| 100 | _a20130416g19661967|||y0rusy50 ca | ||
| 101 | 0 | _arus | |
| 102 | _aRU | ||
| 105 | _aa c ||||| | ||
| 200 | 1 |
_aВременные методические указания по проведению бонитировки орошаемых почв в колхозах и совхозах Узбекской ССР _eУтв. 10/II 1967 г. _fМ-во сел. хоз-ва УзССР |
|
| 210 |
_aТашкент _cБ. и. _d1966 [обл. 1967] |
||
| 215 |
_a39 с., 1 л. табл. _d31 |
||
| 300 | _aНа обороте тит. л. сост.: А.З. Генусов, Б.В. Горбунов, М.И. Кочубей и др. | ||
| 606 |
_aОрошаемые поля и участки _xИнвентаризация и оценка _2psbo |
||
| 702 | 1 |
_aГорбунов _bБ. В. _4220 |
|
| 702 | 1 |
_aКочубей _bМ. И. _4220 |
|
| 702 | 1 |
_aГенусов _bА. З. _gАлександр Зайнанович _4220 |
|
| 712 | 0 | 1 |
_aУзССР _bМинистерство сельского хозяйства _3RU\NLR\AUTH\889924576 |
| 801 | 0 |
_aRU _bNLR _gpsbo |
|
| 801 | 1 |
_aRU _bELAR _2rusmarc |
|
| 852 |
_aNLR _j67-9/187 |
||
| 942 | _cBOOK | ||
| 980 | _aNB | ||